00964nam a2200217 i 4500001000300000100002400003245016200027246007500189260007600264300003400340500007800374650002200452650003000474650002800504020001500532040000800547041001300555080003900568008004100607856009800648bg1 aHAWRYLYSHYN, Bohdan10aDrogi do przyszłości :bku większej efektywności społeczeństwa : raport dla Klubu Rzymskiego /cBohdan Hawrylyshyn ; z ang. przeł. Ewa Kolanowska. iTyt. oryg.:aRoad maps to the future : towards more effective societes aWarszawa :bPolskie Towarzystwo Współpracy z Klubem Rzymskim,c1990. a255, [1] s. :brys. ;c21 cm. aOryg. : "Road maps to the future : towards more effective societes" 1980. 9aGospodarkay20 w. 9aPolitykaxhistoriay20 w. 9aSpołeczeństwoy20 w. a8300033467 cBPK1 aplhenen a330.342:321.6/.8:316.3](100.3)"19" s pl f |000 0 pol  uhttp://koha.tu.koszalin.pl/cgi-bin/koha/opac-detail.pl?biblionumber=32537yKatalog online BPK